Отчет по эксплуатации Рязанско-Уральской железной дороги... ... за 1924-1925 бюджетный год (Запись № 13492864)
[ простой вид ]
| 000 -МАРКЕР | |
|---|---|
| контрольное поле | 00767nam2a22002171 4500 |
| 001 - ИДЕНТИФИКАТОР ЗАПИСИ | |
| контрольное поле | RU\NLR\A1SV\146882 |
| 005 - ИДЕНТИФИКАТОР ВЕРСИИ | |
| контрольное поле | 20251214192841.0 |
| 035 ## - ДРУГИЕ СИСТЕМНЫЕ НОМЕРА | |
| Идентификатор записи | (NLR Aleph) 011355275 |
| 100 ## - ДАННЫЕ ОБЩЕЙ ОБРАБОТКИ | |
| Данные общей обработки | 20170310d1926 u y0rusy50 ca |
| 101 0# - ЯЗЫК РЕСУРСА | |
| Язык текста, звукозаписи и т.д. | русский |
| 200 1# - ЗАГЛАВИЕ И СВЕДЕНИЯ ОБ ОТВЕТСТВЕННОСТИ | |
| Основное заглавие | ... за 1924-1925 бюджетный год |
| 210 ## - ПУБЛИКАЦИЯ, РАСПРОСТРАНЕНИЕ И ДР. | |
| Дата издания, распространения и т.д. | 1926 |
| 215 ## - ФИЗИЧЕСКАЯ ХАРАКТЕРИСТИКА | |
| Специфическое обозначение материала и объем | [2], XXV, 491 с. |
| 461 #1 - УРОВЕНЬ НАБОРА | |
| Встроенное поле | 001RU\NLR\A1SV\146877 |
| Системный номер (АБИС) связанной записи | 11268363 |
| Автор | Рязано-Уральская ж. д. |
| Место публикации | Саратов |
| Дата публикации | [1919]-1926 |
| Первые сведения об ответственности | НКПС |
| Имя издателя, распространителя и т.д. | Тип. № 2, Полиграфпром |
| Заглавие | Отчет по эксплуатации Рязанско-Уральской железной дороги... |
| 801 #0 - ИСТОЧНИК ЗАПИСИ | |
| Страна | Российская Федерация |
| Организация | NLR |
| Дата составления | 20170310 |
| 852 ## - МЕСТОНАХОЖДЕНИЕ И ШИФР ХРАНЕНИЯ | |
| Идентификатор организации | NLR |
| 942 ## - ДОПОЛНИТЕЛЬНЫЕ ЭЛЕМЕНТЫ ЗАПИСИ (АБИС) | |
| Тип экземпляра АБИС | Книга |
| 980 ## - КОЛЛЕКЦИЯ | |
| Название коллекции | Международный сводный каталог русской книги (1918-1926) |
| 980 ## - КОЛЛЕКЦИЯ | |
| Название коллекции | Национальная библиография |
Нет доступных экземпляров.